|
|
|
|
| LEADER |
00000nam2a2200000 4500 |
| 001 |
67768 |
| 005 |
20231031073909.0 |
| 035 |
|
|
|a (RuTPU)RU\TPU\book\72160
|
| 090 |
|
|
|a 67768
|
| 100 |
|
|
|a 20040923d1979 k y0rusy50 ca
|
| 101 |
0 |
|
|a rus
|
| 102 |
|
|
|a RU
|
| 105 |
|
|
|a a z 001zy
|
| 200 |
0 |
|
|a Кн. 1 : Формации кор выветривания Западно-Сибирской плиты и Алтае-Саянской складчатой области
|f под ред. В. П. Казаринова
|
| 210 |
|
|
|d 1979
|
| 215 |
|
|
|a 221 с.
|c ил.
|
| 320 |
|
|
|a Библиогр.: с. 211-220
|
| 461 |
|
1 |
|0 (RuTPU)RU\TPU\book\78045
|t Коры выветривания Сибири
|o в 2-х кн.
|v Кн. 1 : Формации кор выветривания Западно-Сибирской плиты и Алтае-Саянской складчатой области
|d 1979
|
| 610 |
1 |
|
|a геология
|
| 610 |
1 |
|
|a коры выветривания
|
| 610 |
1 |
|
|a Сибирь
|
| 610 |
1 |
|
|a Алтае-Саянская область
|
| 675 |
|
|
|a 551.311.23
|v 3
|
| 702 |
|
1 |
|a Казаринов
|b В. П.
|4 340
|
| 801 |
|
1 |
|a RU
|b 63413507
|c 20040923
|g PSBO
|
| 801 |
|
2 |
|a RU
|b 63413507
|c 20141023
|g PSBO
|
| 942 |
|
|
|c BK
|